Sports Quiz

Random Sports or Baseball Quiz

MLB 300 HR with 1 Team Quiz Stats

Quiz Updated Oct 8, 2013

Challenge
Share
Tweet
Embed
Score 0/58 Timer 10:00
10 Plays Today
Team Player % Correct
YankeesBabe Ruth
95.7%
GiantsBarry Bonds
92.3%
BravesChipper Jones
90.5%
MarinersKen Griffey
90.3%
YankeesAlex Rodriguez
90.1%
BravesAndruw Jones
89.8%
BravesHank Aaron
89.2%
YankeesMickey Mantle
88.9%
Red SoxTed Williams
86.7%
CubsBilly Williams
86.2%
GiantsWillie Mays
83.7%
Red SoxDavid Ortiz
83.2%
AstrosJeff Bagwell
83.1%
YankeesLou Gehrig
82.2%
OriolesCal Ripken
82%
RoyalsGeorge Brett
81.7%
RockiesTodd Helton
81.7%
White SoxFrank Thomas
80.7%
CardinalsAlbert Pujols
80.3%
CubsSammy Sosa
80.2%
A'sMark McGwire
79.8%
PhilliesMike Schmidt
78.7%
PhilliesRyan Howard
77.9%
IndiansJim Thome
76%
YankeesJoe DiMaggio
75.8%
CubsErnie Banks
74.3%
RedsFrank Robinson
73.7%
CardinalsStan Musial
72.7%
TigersMiguel Cabrera
71.2%
Team Player % Correct
GiantsWillie McCovey
71.2%
TwinsHarmon Killebrew
70.9%
Red SoxCarl Yastrzemski
70%
BrewersRyan Braun
69.7%
RedsJohnny Bench
68.5%
MarinersEdgar Martinez
68.2%
PiratesWillie Stargell
67.7%
YankeesYogi Berra
66.1%
RangersJuan Gonzalez
63.7%
AstrosLance Berkman
61.3%
TigersAl Kaline
60.9%
RangersRafael Palmeiro
58.9%
Red SoxJim Rice
58.6%
OriolesEddie Murray
58.6%
A'sJimmie Foxx
58.4%
MarinersJay Buhner
56.7%
White SoxPaul Konerko
56.1%
Blue JaysCarlos Delgado
55.3%
GiantsMel Ott
54.8%
BravesEddie Mathews
52.2%
DodgersDuke Snider
51.4%
BravesDale Murphy
50.8%
TigersHank Greenberg
48.5%
CubsRon Santo
44.4%
Red SoxDwight Evans
42.2%
PiratesRalph Kiner
41.2%
OriolesBoog Powell
37.5%
DodgersGil Hodges
26.8%
TigersNorm Cash
24.5%

You're not logged in!

Compare scores with friends on all Sporcle quizzes.
Join for Free
OR
Log In

You Might Also Like...

Show Comments

Extras

Top Quizzes Today


Score Distribution

Your Account Isn't Verified!

In order to create a playlist on Sporcle, you need to verify the email address you used during registration. Go to your Sporcle Settings to finish the process.

Report this User

Report this user for behavior that violates our Community Guidelines.

Details: